სარწყავი მიწათმოქმედება საქართველოში = Орошаемое земледелие в Грузии : (ბიბ.ჩანაწერი № 62344)
[ მარტივი ფორმატი ]
| 000 -ლიდერი | |
|---|---|
| ფიქსირებული სიგრძის საკონტროლო ველი | 01207nam a22002057a 4500 |
| 003 - საკონტროლო ნომრის იდენტიფიკატორი | |
| საკონტროლო ველი | Ge_BSU |
| 005 - ბოლო ოპერაციის თარიღი და დრო | |
| საკონტროლო ველი | 20241008120024.0 |
| 008 - ფიქსირებული სიგრძის მონაცემთა ელემენტები - ზოგადი ინფორმაცია | |
| ფიქსირებული სიგრძის საკონტროლო ველი | 241008s1961 ge ||||| |||| 00| 0 geo d |
| 041 ## - ენის კოდი | |
| Language code of text/sound track or separate title | geo |
| 080 ## - უნივერსალური ათობითი კლასიფიკაციის ინდექსი | |
| Universal Decimal Classification number | 392(=353.1) + 631.587(479.22) გ-26 |
| 100 ## - მთავარი ჩანაწერი - პიროვნების სახელი | |
| Personal name | გეგეშიძე, მ. |
| 9 (RLIN) | 3925 |
| 245 ## - ცნობა სათაურის შესახებ | |
| Title | სარწყავი მიწათმოქმედება საქართველოში = Орошаемое земледелие в Грузии : |
| Remainder of title | ისტორიულ-ეთნოგრაფიული შესწავლის ცდა / |
| Statement of responsibility, etc | მ. გეგეშიძე. |
| 264 ## - წარმოების, გამოცემის, დისტრიბუციის და სხვა ცნობები | |
| გამოცემის, წარმოების, დისტრიბუციის... ადგილი | თბილისი : |
| გამოცემის, წარმოების, დისტრიბუციის... სახელწოდება | საქ. სსრ მეცნ. აკად. გამ-ბა და სტ., |
| გამოცემის, წარმოების, დისტრიბუციის... თარიღი | 1961. |
| 300 ## - ფიზიკური აღწერა | |
| Extent | 291 გვ. : |
| Other physical details | 14 ფ. ილ. ; |
| Dimensions | 26 სმ. |
| 501 ## - შენიშვნა თანმხლებ მასალაზე | |
| With note | დამატ. თავფურც. რუს. ენ. რეზუმე რუს. ენ. |
| 504 ## - BIBLIOGRAPHY, ETC. NOTE | |
| Bibliography, etc | ბიბლიოგრ.: გვ. 247-262. |
| 653 ## - INDEX TERM--UNCONTROLLED | |
| Uncontrolled term | ქართველების ეთნოგრაფია |
| 653 ## - INDEX TERM--UNCONTROLLED | |
| Uncontrolled term | სარწყავი მიწათმოქმედება საქართველოში |
| 942 ## - ADDED ENTRY ELEMENTS (KOHA) | |
| Source of classification or shelving scheme | |
| Koha item type | წიგნი |
| ჩამოწერის სტატუსი | დაკარგული ეგზემპლარის სტატუსი | კლასიფიკაციის წყარო ან თაროზე გაწყობის სქემა | დაზიანების სტატუსი | არ გაიცემა | მუდმივი მდებარეობა (დაცვის ადგილი) | ამჟამინდელი ადგილსამყოფელი | თაროზე განთავსების ადგილი | შეძენის თარიღი | ღირებულება, შესყიდვის ნორმალური ფასი | სრული შენახვის შიფრი | შტრიხკოდი | ბოლო ოპერაციის თარიღი | ეგზემპლარის მიმდევრობითი ნომერი (კეტერი?) | ფასის ძალაში შესვლის თარიღი | ეგზემპლარის სახეობა | საჯარო შენიშვნა |
|---|---|---|---|---|---|---|---|---|---|---|---|---|---|---|---|---|
| ბათუმის შოთა რუსთაველის სახელმწიფო უნივერსიტეტის მთავარი ბიბლიოთეკა | ბათუმის შოთა რუსთაველის სახელმწიფო უნივერსიტეტის მთავარი ბიბლიოთეკა | წიგნსაცავი | 2024-10-08 | 8.00 | 392(=353.1) + 631.587(479.22) გ-26 | 69173 | 2024-10-08 | 69173 | 2024-10-08 | წიგნი | 8 ლ. |
